Restoration and renewal of the Palace of Westminster (Record no. 116124)
[ view plain ]
| 000 -LEADER | |
|---|---|
| fixed length control field | 01945cam a22002415a 4500 |
| 001 - CONTROL NUMBER | |
| control field | L159815 |
| 008 - FIXED-LENGTH DATA ELEMENTS--GENERAL INFORMATION | |
| fixed length control field | 150619s2016 xxk f 000 0 eng d |
| 035 ## - SYSTEM CONTROL NUMBER | |
| System control number | (Sirsi) u159815 |
| 041 0# - LANGUAGE CODE | |
| Language code of text/sound track or separate title | eng |
| 110 2# - MAIN ENTRY--CORPORATE NAME | |
| Corporate name or jurisdiction name as entry element | Joint Committee on the Palace of Westminster |
| 9 (RLIN) | 6193 |
| 245 00 - TITLE STATEMENT | |
| Title | Restoration and renewal of the Palace of Westminster |
| Remainder of title | First report of session 2016-17 |
| Medium | [electronic resource] |
| 260 ## - PUBLICATION, DISTRIBUTION, ETC. | |
| Place of publication, distribution, etc. | London |
| Name of publisher, distributor, etc. | Joint Committee on the Palace of Westminster |
| Date of publication, distribution, etc. | 2016 |
| 520 ## - SUMMARY, ETC. | |
| Summary, etc. | The Joint Committee on the Palace of Westminster concludes that the Palace of Westminster 'faces an impending crisis which we cannot responsibly ignore'. There is a substantial and growing risk of either a single, catastrophic event, such as a major fire, or a succession of incremental failures in essential systems which would lead to Parliament no longer being able to occupy the Palace. The report sets out preferred options for the delivery and scope of the Restoration and Renewal Programme, and recognises that further work will be necessary in order to validate the conclusions in these areas, as well as test their feasibility. |
| 590 ## - LOCAL NOTE (RLIN) | |
| Local note | KA |
| 650 24 - SUBJECT ADDED ENTRY--TOPICAL TERM | |
| Topical term or geographic name entry element | PALACE OF WESTMINSTER |
| 650 24 - SUBJECT ADDED ENTRY--TOPICAL TERM | |
| Topical term or geographic name entry element | HOUSES OF PARLIAMENT |
| 651 #4 - SUBJECT ADDED ENTRY--GEOGRAPHIC NAME | |
| Geographic name | London |
| 690 ## - LOCAL SUBJECT ADDED ENTRY--TOPICAL TERM (OCLC, RLIN) | |
| Topical term or geographic name as entry element | Conservation and restoration |
| 856 40 - ELECTRONIC LOCATION AND ACCESS | |
| Uniform Resource Identifier | <a href="https://publications.parliament.uk/pa/jt201617/jtselect/jtpow/41/41.pdf">https://publications.parliament.uk/pa/jt201617/jtselect/jtpow/41/41.pdf</a> |
| Public note | View the report free of charge from the publications.parliament.uk |
| 856 40 - ELECTRONIC LOCATION AND ACCESS | |
| Uniform Resource Identifier | <a href="https://www.parliament.uk/documents/joint-committees/Palace%20of%20Westminster/palace-of-westminster-evidence-volume.pdf">https://www.parliament.uk/documents/joint-committees/Palace%20of%20Westminster/palace-of-westminster-evidence-volume.pdf</a> |
| Public note | View the evidence volume free of charge from the www.parliament.uk |
| 856 40 - ELECTRONIC LOCATION AND ACCESS | |
| Uniform Resource Identifier | <a href="https://www.parliament.uk/business/committees/committees-a-z/joint-select/joint-committee-on-the-palace-of-westminster/inquiries/parliament-2015/restoration-and-renewal-consultation-15-16/">https://www.parliament.uk/business/committees/committees-a-z/joint-select/joint-committee-on-the-palace-of-westminster/inquiries/parliament-2015/restoration-and-renewal-consultation-15-16/</a> |
| Public note | View the Restoration and Renewal of the Palace of Westminster consultation at www.parliament.uk |
| 942 ## - ADDED ENTRY ELEMENTS (KOHA) | |
| Suppress in OPAC | 0 |
| Withdrawn status | Lost status | Source of classification or shelving scheme | Damaged status | Not for loan | Home library | Current library | Shelving location | Date acquired | Total Checkouts | Full call number | Barcode | Date last seen | Copy number | Price effective from | Koha item type |
|---|---|---|---|---|---|---|---|---|---|---|---|---|---|---|---|
| Dewey Decimal Classification | Virtual | Virtual | Online | 20/02/2018 | ONLINE PUBLICATION | 159815-2001 | 06/08/2019 | 1 | 06/08/2019 | Book |